Holiday Quiz

Random Holiday or Halloween Quiz

Musicians by Halloween Costume Quiz Stats

 Plays Quiz Updated Oct 24, 2017

Challenge
Share
Tweet
Score 0/24 Timer 04:00
0 Plays Today
% Correct
Michael Jackson
99.3%
Elvis Presley
98.5%
Prince
93.8%
Gene Simmons
90.4%
Spice Girls
89.6%
Katy Perry
89.4%
Lady Gaga
89%
The Beatles
87%
Elton John
85.3%
David Bowie
82.2%
Freddie Mercury
79.8%
MC Hammer
79%
% Correct
Amy Winehouse
77.9%
The Supremes
71.4%
Cyndi Lauper
67.9%
Slash
65.7%
Madonna
64.8%
Jimi Hendrix
63.3%
Axl Rose
60.6%
Justin Bieber
58.9%
Robin Thicke
58.5%
Cher
54.5%
LMFAO
43.9%
Nicki Minaj
41.6%

You're not logged in!

Compare scores with friends on all Sporcle quizzes.
OR
Log In

You Might Also Like...

Show Comments

Extras

Top Quizzes Today


Score Distribution

Your Account Isn't Verified!

In order to create a playlist on Sporcle, you need to verify the email address you used during registration. Go to your Sporcle Settings to finish the process.

Report this User

Report this user for behavior that violates our Community Guidelines.

Details: